000 01431nam0a2200373 4500
001 RU\NLR\BIBL_A\022661873
005 20260205130243.0
010 _a978-5-389-27315-3
_92000
021 _aRU
_bКН-П-25-058222
_9КН-П-25-5606
035 _a(NLR Aleph) 022661873
090 _a13547253
_c13547253
100 _a20251110d2025 u y0rusy50 ca
101 1 _arus
_ceng
102 _aRU
105 _aa z 000ay
181 0 _ai3
_baxxe
182 0 _an
200 1 _aРуководство по соблазнению
_eроман
_fВи Киланд, Пенелопа Уорд
_gперевод с английского Юлии Капустюк
203 _aТекст
_bвизуальный
_cнепосредственный
210 _aМосква
_cАзбука
_d2025
215 _a459, [2] с.
_cил.
_d21
225 1 _aЗакон притяжения противоположностей
_v1
225 1 _aПравила игры в любовь
320 _aДр. кн. авт.: с. 1
333 _a18+
686 1 _aШ6(7США)67-440.4{Лх1979-50(К)}
686 1 _aШ6(7США)67-440.4{Лх1979-50(У)}
700 1 _aКиланд
_bВ.
_gВи
_3RU\NLR\AUTH\770178727
701 1 _aУорд
_bП.
_gПенелопа
_3RU\NLR\AUTH\770198110
942 _cBOOK
980 _aNB